| 000 | 00839nas a2200289 4500 | ||
|---|---|---|---|
| 001 | BR9800618 | ||
| 003 | BR-BrBNA | ||
| 005 | 20231205100720.0 | ||
| 007 | ta | ||
| 008 | 230509b bl.|||p| |||| 00| 00por d | ||
| 040 |
_aBR-BrBNA _bpor _cBiblioteca Nacional de Agricultura |
||
| 041 | _a(Pt) | ||
| 072 | _aH20 | ||
| 100 | 1 | _aKuniyuki, H. | |
| 100 | 1 | _aBetti, J.A. | |
| 100 | 1 | _aYuri, V.A. | |
| 100 | 1 | _aCosta, A.S. | |
| 245 | 1 | _aInfluencia da variedade indicadora e do ambiente na deteccao do enrolamento da folha da videira | |
| 650 | _aUva | ||
| 650 | _aFolha | ||
| 650 | _aEnrolamento | ||
| 650 | _aAnalise Foliar | ||
| 650 | _aInoculacao | ||
| 773 | 0 |
_tFitopatologia Brasileira (Brazil) _xISSN 0100-4158 _g(Dec 1997), v. 22(4) p. 488-491 _wBR9800618 |
|
| 909 |
_a202311 _bLúcia _c55 _dLúcia Elande |
||
| 942 |
_2AGRIS _n0 _cANA |
||
| 999 |
_c157636 _d157636 |
||